Maynmar yellow pages 2012.
| Format: | Book |
|---|---|
| Published: |
[S.l]:
[s.n],
2012.
|
| Subjects: |
| LEADER | 00447cam a2200145 7i4500 | ||
|---|---|---|---|
| 001 | 0000027983 | ||
| 005 | 20130107090000.0 | ||
| 090 | 0 | 0 | |a MYAN 910.2559 |b MYA |
| 245 | 0 | 0 | |a Maynmar yellow pages 2012. |
| 260 | 0 | 0 | |a [S.l]: |b [s.n], |c 2012. |
| 300 | # | # | |a 798 p. |
| 650 | 0 | 0 | |a Myanmar -- |x Telephone directories |
| 650 | 0 | 0 | |a Myanmar -- |x Telephone directories -- |x Yellow pages |
| 651 | 0 | 0 | |a Myanmar |
| 999 | |a B000030854 |b Directories |c Countries |e Business Information Centre | ||